000 01043nam a22003137a 4500
003 CHAP
005 20220329133802.0
008 971013s1985 r 00010 d
010 _a10870
011 _a11842
035 _a11292
040 _cCHAP
090 _aFolleto 9730
100 0 0 _aElenes Foneseca, Crecencio.
_936262
245 1 _aGuía para producir guar en el estado de Sonora
260 _aCd. Obregón, Son. :
_bINIA. Campo Agrícola Experimental Valle del Yaqui,
_c1985
300 _a8 p.
490 _aINIA. México. CIANO. Folleto para productores : 11
590 _aBATCH-UPD
_b10
_c20130110
_lUCH01
_h0023
590 _aBATCH-UPD
_b10
_c20130110
_lUCH01
_h2113
590 _aBATCH-UPD
_b10
_c20130410
_lUCH01
_h1423
590 _aBATCH-UPD
_b10
_c20130914
_lUCH01
_h1256
590 _aCONVERSION
_b10
_c20130109
_lUCH01
_h1307
650 1 4 _aGuar.
_951004
830 0 _aINIA. México. CIANO. Folleto para productores : 11
_958572
901 _aBK
942 _cFOLL
949 _aFolleto 9730
_bBC
_cFOLL
_d-141796
_eTS1
_i11292
_si
999 _c10870
_d10870